| 000 | 01486npm a2200229 i 4500 | ||
|---|---|---|---|
| 001 | 5050 | ||
| 003 | ES-MaACL | ||
| 005 | 20230908113835.0 | ||
| 007 | hzrazu bucu | ||
| 008 | 890322r19891875fr a a 00110 fre d | ||
| 080 | _a7(05)(443.6) | ||
| 080 | _a05(44) | ||
| 245 | 0 | 2 |
_aL'Art _b: [Microforma]. |
| 260 |
_aMadrid : _bAteneo Cientifico, Literario y Artistico, _c1989. |
||
| 300 |
_a21 carretes de microfilme : _bnegativo; il. ; _c35 mm. |
||
| 500 | _aPublicado originalmente: Paris, Hippolyte Heymann, 1875-1907, periodicidad semanal. | ||
| 505 | 8 | _aCarrete n. 1: 1875 (p. 324) -- Carrete n. 2: 1875 a 1876 (t. I) -- Carrete n. 3: 1876 a 1877 (p. 163) -- Carrete n. 4: 1877 a 1878 (t. II) -- Carrete n. 5: 1878 a 1879 (t. II, p.218) -- Carrete n. 6: 1879 a 1880 (p 181) -- Carrete n. 7: 1880 a 1881 (t. I) -- Carrete n. 8: 1881 a 1882 (t. I) -- Carrete n. 9: 1882 a 1883 (t. I) -- Carrete n. 10: 1883 a 1884 (t. I) -- Carrete n. 11: 1884 a 1886 (t. I) -- Carrete n. 12: 1886 a 1888 (t. I) -- Carrete n. 13: 1888 a 1890 (t. I) -- Carrete n. 14: 1890 a 1892 (t. I) -- Carrete n. 15: 1892 a 1894 (t. I) -- Carrete n. 16: 1894 a 1895 (15 marzo) -- Carrete n. 17: 1896 (28 abril) a 1902 (t. II, p.259) -- Carrete n. 18: 1902 a 1903 -- Carrete n. 19: 1904 a 1905 (p. 516) -- Carrete n. 20: 1905 a 1907 (t. VIII) -- Carrete n. 21: 1907 (t. IX) | |
| 650 | 1 | 4 |
_aObras de 1800. _915662 |
| 852 |
_aES-MaACL _jM-45-65 _95167 _cDEPO1 |
||
| 942 | _2udc | ||
| 999 |
_c5050 _d5050 |
||